The One and Only Graystripe Quiz! - Warrior Cats - Statistics

General Stats
  • This quiz has been taken 57 times
  • The average score is 9 of 15
Answer Stats
Hint Answer % Correct
The clan these kits went to Riverclan
100%
The first cat Graystripe meets in Into the Wild Rusty
100%
Graystripes first mate who died birthing kits Silverstream
100%
Graystripe's second mate, formerly a kittypet Millie
96%
Graystripe's daughter who died after killing Sharptooth Feathertail
91%
The number of cats Graystripe has killed (accidents included!) Three
78%
Graystripe's daughter whose hind legs were paralyzed by a falling tree Briarlight
76%
Graystripe's first apprentice Brackenfur
64%
The name of Graystripe's super edition Graystripe's Vow
53%
The main series book Graystripe dies in A Light in the Mist
24%
The first entry in the Graystripe's Adventure manga series The Lost Warrior
22%
The first book Graystripe becomes an elder in Bramblestar's Storm
20%
The main series book Graystripe returns in The Sight
20%
The Erin who previously had Graystripe as her favorite character Kate Cary
16%
In the above book there was a mistake where Graystripe calls these two his kits Stonefur and Mistystar
16%
No matching quizzes found
Score Distribution
Percent of People with Each Score
Percentile by Number Answered
Your Score History
You have not taken this quiz